[Event "Candidates FIDE f2"]
[Site "Sanghi Nagar"]
[Date "1995.??.??"]
[Round "5"]
[White "Kamsky, Gata"]
[Black "Salov, Valery"]
[Result "1-0"]
[WhiteElo "2710"]
[BlackElo "2715"]
[Annotator "Ftacnik,L"]
[PlyCount "107"]
[EventDate "1995.02.??"]
[EventType "match"]
[EventRounds "7"]
[EventCountry "IND"]
[SourceTitle "CBM 045"]
[Source "ChessBase"]
[SourceDate "1995.04.01"]
[SourceVersion "1"]
[SourceVersionDate "1995.04.01"]
[SourceQuality "1"]

1. d4 d5 2. c4 dxc4 3. e4 Nc6 4. Be3 Nf6 5. Nc3 e5 6. d5 Na5 $146 (6... Nd4 $6
7. Bxc4 $1 (7. Bxd4 exd4 8. Qxd4 c6 $44) 7... c5 8. dxc6 bxc6 9. Nf3 Nxf3+ 10.
Qxf3 Bb4 11. O-O O-O 12. h3 Be6 $2 13. Bxe6 fxe6 14. Qe2 $1 Bxc3 15. bxc3 Nxe4
16. Qg4 Qd5 17. c4 $1 Qxc4 18. Rad1 h5 $8 19. Qxh5 Nf6 20. Qxe5 Qxa2 21. Rd6
$18 {Dautov,R-Chekhov,V/Dresden/1989/1-0 (37)}) (6... Ne7 7. Bxc4 a6 8. f3 Ng6
9. Nge2 Bd6 10. Qd2 Bd7 11. Ng3 h5 12. O-O-O $1 h4 13. Nf5 Bxf5 14. exf5 Ne7
15. g4 hxg3 16. hxg3 Rxh1 17. Rxh1 Nxf5 18. Bg5 $1 Qd7 19. Bf1 $16 {Beliavsky,
A-Lautier,J/Linares/1994/0.5 (34)}) 7. Nf3 a6 (7... Bd6 8. Qa4+ c6 9. dxc6 Nxc6
10. Bxc4 O-O 11. Rd1 $16) 8. Nxe5 (8. Qa4+ c6 9. dxc6 b5 10. Nxb5 axb5 11. Qxb5
Qe7 12. Nxe5 Qb4+ $1) 8... b5 9. Be2 Bb4 10. Qd4 O-O (10... c5 11. dxc6 Qxd4
12. Bxd4 Nxe4 13. O-O (13. O-O-O Nxc3 14. bxc3 (14. Bxc3 Bxc3 15. bxc3 f6)
14... Ba3+ 15. Kd2 f6 16. Bb6 fxe5 17. Bxa5 $16) 13... Nxc3 14. bxc3 Bd6 15.
Bf3 $16) 11. O-O Bb7 (11... c5 12. dxc6 Bxc3 13. bxc3 Qxd4 14. Bxd4 Nxe4 15. f3
Nd6 16. Bc5 $18) 12. Ng4 $1 (12. Rad1 c5 13. dxc6 Nxc6 $13) 12... Nxg4 13. Bxg4
Qe7 (13... c5 14. Qd2 {xNa5}) 14. Rad1 Rad8 (14... c5 15. Qd2 $16) 15. Bf4 Rfe8
$6 (15... Nc6 $142 $5 16. Qe3 Ne5 17. Bxe5 (17. Be2 Rfe8 $14) 17... Qxe5 18.
Kh1 Qe7) 16. Qe3 (16. e5 $2 Nc6 $1) 16... Bd6 (16... Bxc3 17. Qxc3 Qxe4 18.
Bxc7 Qxg4 19. Bxd8 Rxd8 20. Qxa5 Rxd5 21. Qd8+ $1 Rxd8 22. Rxd8#) 17. Bxd6 Qxd6
18. Rfe1 Qe7 19. h3 g6 20. Qg3 Kg7 21. Ne2 h5 (21... Qxe4 22. Qc3+ $18) (21...
Qe5 22. Qa3 $18) (21... b4 22. Nf4 c6 23. d6 Qe5 24. d7 $18) 22. Bxh5 Qe5 23.
Nf4 Kg8 (23... Qxb2 24. Bxg6 $18) 24. Bxg6 fxg6 25. Qxg6+ Qg7 (25... Kh8 26.
Qf7 Rg8 27. Ng6+ Rxg6 28. Qxg6 $18) 26. Qh5 Re5 27. Qh4 Qe7 28. Qg4+ Qg7 29.
Ne6 Qxg4 30. hxg4 Rxe6 (30... Rd7 31. f4 $18) 31. dxe6 Re8 (31... Rxd1 32. Rxd1
Bxe4 33. Rd8+ $18) 32. Rd7 (32. f4 Rxe6 33. e5 $18) 32... Rxe6 33. Rxc7 (33. e5
Rg6 34. f3 $18) 33... Rxe4 (33... Bxe4 34. f4 $18 (34. f3 Bd5 35. Rxe6 Bxe6 36.
Ra7 Nc6 37. Rxa6 Bd5 $16)) 34. Rd1 (34. Rxe4 Bxe4 35. f4 $16 (35. Ra7 $2 Bb7
36. b4 c3 $1 37. bxa5 c2 $19)) 34... Re8 35. Rdd7 Be4 36. f4 Nc6 37. f5 b4 (
37... Ne5 38. Rg7+ Kf8 39. Rh7 Kg8 40. Rcg7+ Kf8 41. Rh8+ Kxg7 42. Rxe8 $18)
38. f6 Rf8 (38... c3 $2 39. f7+ $18) 39. g5 c3 40. bxc3 bxc3 41. Rd6 Nd8 (41...
c2 42. Rdxc6 Bxc6 43. Rxc6 $18) 42. Rxc3 Nf7 43. Rd4 Bg6 (43... Nxg5 $2 44. Rg3
$18) 44. Rc7 Bf5 45. Rh4 Rd8 46. Ra7 Rd6 (46... Bd3 47. g6 Bxg6 48. Rg4 Kh7 49.
Rxf7+ Bxf7 50. Rg7+ Kh6 51. Rxf7 Rd2 52. Re7 Rxa2 53. g4 Kg6 54. g5 Kxg5 55. f7
Ra1+ 56. Kf2 Ra2+ 57. Re2 $18) 47. a4 Bd3 48. Ra8+ Nd8 (48... Rd8 $2 49. Rxd8+
Nxd8 50. Rd4 $18) 49. Rb4 Kf7 50. Ra7+ Kf8 (50... Kg6 51. Rg7+ Kh5 52. f7 $18)
51. Rb8 Bg6 52. Rg7 Bf5 (52... Bf7 53. g6 Bd5 54. Rh7 $18) 53. g6 Rxf6 54. Rh7
(54. Rh7 Rd6 55. Rh8+ Ke7 56. g7 $18) 1-0

[Event "Olympiad-32"]
[Site "Yerevan"]
[Date "1996.09.26"]
[Round "10.1"]
[White "Ftacnik, Lubomir"]
[Black "Hansen, Curt"]
[Result "1-0"]
[WhiteElo "2610"]
[BlackElo "2595"]
[Annotator "Ftacnik,L"]
[PlyCount "65"]
[EventDate "1996.09.15"]
[EventType "team-swiss"]
[EventRounds "14"]
[EventCountry "ARM"]
[SourceTitle "CBM 055"]
[Source "ChessBase"]
[SourceDate "1996.12.01"]
[SourceVersion "1"]
[SourceVersionDate "1996.12.01"]
[SourceQuality "1"]
[WhiteTeam "Slovakia"]
[BlackTeam "Denmark"]
[WhiteTeamCountry "SVK"]
[BlackTeamCountry "DEN"]

1. d4 d5 2. c4 dxc4 3. e4 e5 4. Nf3 exd4 5. Bxc4 Bb4+ 6. Nbd2 Nc6 7. O-O Nf6 8.
e5 Nd5 9. Nb3 Nb6 10. Bg5 Be7 11. Bxe7 Nxe7 12. Bd3 (12. Be2 Ng6 13. Re1 O-O
14. Qxd4 Qe7 15. Qe4 c6 16. Bf1 Be6 17. Nbd4 Bd5 18. Qg4 Qb4 19. Qh5 Bxf3 20.
Nxf3 Nd5 {1/2-1/2 Bareev,E-Rublevsky,S/Oviedo 45' (11)/1992/ (35)}) 12... Ng6
$146 (12... Bf5 13. Nfxd4 Bxd3 14. Qxd3 O-O 15. Rad1 Qd5 16. Qe2 Qc4 $6 (16...
Nc6 17. Nxc6 (17. f4 Rad8 18. e6 Nxd4 19. Nxd4 Rfe8 20. f5 Qc5 21. exf7+ Kxf7
22. Qh5+ Kg8 23. Kh1 Nd7 24. Qg5 Nf8 $10) 17... Qxc6 18. Na5 Qa4 19. Nxb7 {
0-1 Nikolic,P-Huebner,R/Barcelona/1989 (31)}) 17. Qxc4 Nxc4 18. Rc1 Nxe5 19.
Rxc7 Nd5 20. Rxb7 Rfb8 21. Rxb8+ Rxb8 22. Rd1 Nb4 23. a3 Nbd3 24. Rd2 $16 {
1-0 Beliavsky,A-Tal,M/Reykjavik/1988 (34)}) (12... Bg4 13. Nbxd4 Ned5 (13...
Ng6 14. h3 Bxf3 15. Nxf3 O-O $14) 14. h3 Bh5 15. Qb3 O-O 16. Be4 {1/2-1/2
Timoshenko,G-Matulovic,M/Vrnjacka Banja (02)/1990/}) (12... O-O 13. Nbxd4 Ng6
14. Re1 Bg4 15. h3 Bxf3 16. Nxf3 Nf4 17. Be4 c6 (17... Qxd1 18. Raxd1 c6 $14)
18. Qc2 h6 19. Rad1 Nbd5 20. h4 $1 Qb6 21. a3 {Hansen,Cu-Lautier,J/Groningen 
(04/1995/1-0 (58)}) 13. Nfxd4 Nf4 (13... Nxe5 $2 14. Re1 Qf6 15. Qe2 Nbd7 16.
Nf3 $18) (13... O-O 14. f4 (14. Bxg6 hxg6 15. Qc2 $14) 14... Nd5 15. Qd2 $14)
14. Bb5+ c6 15. Qf3 (15. Nxc6 bxc6 16. Bxc6+ Bd7 17. Bxa8 Qxa8 18. f3 O-O $13)
15... Nh3+ $2 (15... Qg5 $5 16. Qg3 (16. Nxc6 a6 $3 (16... bxc6 17. Bxc6+ Ke7
18. Bxa8 Ba6 19. Nc5 $18) 17. h4 Qh6 (17... Qxh4 18. Rfd1 Be6 19. Rd4 Nbd5 20.
Nb4+ axb5 21. Nxd5 Bxd5 22. Rxf4 $14) 18. Rfd1 Be6 (18... Bd7 19. Rd6) 19. Bf1
Bd5 20. Qe3 Bxc6 21. Qxb6 Qxh4 $13) 16... Qh6 (16... Qxg3 17. hxg3 Ng6 18. Bd3
Na4 19. Rab1 $13) 17. Bd3 O-O 18. Rfe1 $10) 16. gxh3 cxb5 17. Qg3 (17. Nxb5 O-O
18. Nd6 Qg5+ 19. Qg3 Qxg3+ 20. hxg3 Bxh3 21. Rfc1 $14) 17... O-O 18. Rad1 Qe8 (
18... Qe7 19. Rfe1 (19. Nxb5 Nc4 20. Nd6 Nxb2 21. Rd4 a5 22. Rb1 a4 23. Nc5 a3
24. Nce4 $40) 19... Nc4 (19... f5 20. e6 $1 Rf6 21. Qe5 Nc4 22. Qc5 $16) 20.
Nxb5 Nxb2 21. Rd4 Be6 22. Nd6 b5 23. Nxb5 $14) 19. Rfe1 Nc4 (19... Be6 20. Nc5
Bxa2 21. Nf5 g6 22. Qg5 $16) 20. Nc5 $1 Nxb2 (20... b6 21. e6 $1 bxc5 (21...
fxe6 22. Ncxe6 Bxe6 23. Nxe6 Rf7 24. Nc7 $18) (21... f5 22. e7 Rf6 23. Nf3 Rg6
24. Ng5 (24. Rd8 Rxg3+ 25. hxg3 Bd7 $1 26. Rxe8+ Bxe8 27. Nd3 $16) 24... bxc5
25. Rd8 Bb7 26. Rxe8+ Rxe8 27. Re6 $18) 22. Nf5 g6 23. exf7+ Qxf7 24. Nh6+ $18)
(20... Qe7 21. b4 $1 (21. Nd3 Rd8 22. Nf4 Nxb2 (22... Nxe5 $2 23. Nh5 f6 24.
Nc6 $1 $18) 23. Nh5 Qf8 24. Rd2 Nc4 $17) 21... b6 22. Ne4 Qxe5 (22... Nxe5 23.
Nc3 $16) 23. f4 Qe7 24. Nc6 Qb7 (24... Qe6 25. Nd6 (25. f5 $6 Qh6 $1 (25...
Qxc6 26. f6 g6 27. Qf4 Kh8 28. Qh6 Rg8 29. Rd8 $18)) 25... Qf6 26. Ne7+ Kh8 27.
Nexc8 Raxc8 28. Nxc8 Rxc8 29. Rd7 $16) 25. Nf6+ Kh8 26. Nd8 gxf6 (26... Qc7 27.
Ne8 $18) 27. Nxb7 Bxb7 28. Qh4 $18) 21. Ne4 Qe7 (21... Kh8 $2 22. Nd6 Qd7 23.
N4f5 Rg8 (23... g6 24. e6 fxe6 25. Qc3+ $18) 24. Rd2 Na4 25. Qb3 Rf8 26. Nxf7+
Rxf7 27. Rxd7 Rxd7 28. e6 $18) (21... f5 22. Nf6+ Rxf6 23. exf6 $18) 22. Nd6 g6
$2 (22... Rd8 $1 23. Rb1 Nc4 24. N4xb5 (24. N4f5 Bxf5 25. Nxf5 Qf8 26. Rxb5 Rd7
27. Kh1 Rad8 28. Rg1 $13) 24... Be6 (24... a6 25. Nc3 b5 26. Nd5 $40) 25. Nd4 (
25. Nxc4 Bxc4 26. Nd6 Bd5 27. Nf5 Qf8 28. Rb4 Be6 $15) 25... Rab8 26. Nxe6 Qxe6
27. Nxb7 $36) (22... Nxd1 23. N4f5 $18) 23. Rb1 Nc4 24. N4xb5 Be6 (24... Nxd6
25. exd6 Qd8 26. Nc7 Rb8 27. Re7 $18) 25. Ne4 Kg7 (25... Rfc8 26. Nbd6 Rc7 27.
Nf6+ Kh8 28. Qh4 h5 29. Qg5 Qf8 30. Rb3 $40) 26. Nbd6 Rab8 (26... Nxd6 $2 27.
exd6 Qd7 28. Qc3+ $18) (26... Nb6 27. Nf6 h6 28. f4 $16) 27. a4 $1 a6 (27... b6
28. Rbc1 Na5 29. Rc3 $1 Rfd8 30. Rec1 Nb7 31. Rc7 Rd7 32. Nf6 $1 Rxc7 33. Rxc7
$18) 28. Nxc4 Bxc4 29. a5 Bd5 (29... Be6 30. Nd6 Rfd8 31. Rec1 Qd7 32. h4 h6
33. Rb4 $16) 30. Nf6 Qe6 $2 (30... Bc6 31. Qh4 Rh8 32. Rbd1 (32. Rb4 $5) 32...
Qe6 33. Rd6 Qf5 34. Ng4 h5 35. Qf6+ Qxf6 36. exf6+ Kg8 37. Ne5 Bb5 38. Rc1 $16)
31. Nh5+ Kh8 32. Nf4 Qc6 33. Rec1 (33. Rec1 Bc4 34. Rb4 g5 35. Ng2 $18) 1-0

[Event "Candidates sf1"]
[Site "Linares"]
[Date "1992.??.??"]
[Round "5"]
[White "Karpov, Anatoly"]
[Black "Short, Nigel D"]
[Result "1/2-1/2"]
[WhiteElo "2725"]
[BlackElo "2685"]
[Annotator "Ftacnik,L"]
[PlyCount "134"]
[EventDate "1992.04.??"]
[EventType "match"]
[EventRounds "10"]
[EventCountry "ESP"]
[SourceTitle "Candidates"]
[Source "ChessBase"]
[SourceDate "1999.07.01"]
[SourceVersion "2"]
[SourceVersionDate "1999.07.01"]
[SourceQuality "1"]

1. d4 {Hansen,Cu} d5 2. c4 dxc4 3. e4 Nf6 4. e5 Nd5 5. Bxc4 Nb6 6. Bb3 c5 $5 {N
} 7. dxc5 Qxd1+ 8. Kxd1 $5 (8. Bxd1 {Hansen,Cu} N6d7 $13) 8... N6d7 9. e6 fxe6
10. Bxe6 Na6 11. c6 $2 (11. Be3 Ndxc5 (11... Naxc5 12. Bxd7+ $5 Nxd7 13. Nf3
$10) 12. Bxc8 Rxc8 13. Nc3 $13) (11. Nf3 $5 {Hansen,Cu} Naxc5 12. Bc4) 11...
bxc6 12. Be3 (12. Nf3 Nac5 13. Bc4 Nb6 14. Be2 Bf5 $17) (12. Nc3 {Hansen,Cu
><d5} Nc7 13. Bb3 Nc5 $132) 12... Nc7 $1 (12... Nac5 13. Bxc5 Nxc5 14. Bxc8
Rxc8 15. Kc2 $14) 13. Bb3 Nd5 14. Nf3 (14. Bd2 {Hansen,Cu}) 14... Nxe3+ 15.
fxe3 g6 $1 16. Nbd2 Nc5 17. Bc4 Bg7 18. Nd4 Na4 19. Kc2 Nxb2 $1 20. Kxb2 c5 21.
N2f3 Rf8 22. Rhf1 $2 (22. Bb5+ Bd7 23. Bxd7+ Kxd7 24. Kc3 cxd4+ 25. exd4 $15)
22... Bd7 $1 23. Ka3 cxd4 24. exd4 Rc8 25. Bb3 Rf6 26. Rac1 Rb8 $1 27. Rfe1
Ra6+ 28. Kb2 Rd6 29. Ka3 a5 30. Ne5 Rxd4 31. Nxd7 Kxd7 32. Rcd1 Rbb4 33. Rxd4+
Bxd4 34. Rc1 e5 $2 (34... Be5 $1 35. h3 Bd6 36. Rc2 e5 $17) (34... Kd6 {
Hansen,Cu /\Bc5} 35. Rc4 $10) 35. Rc4 Rb8 36. Ka4 Bb6 37. Re4 $2 (37. Kb5 $1
$15) 37... Kd6 38. h3 Bd4 $1 39. Re2 (39. Kxa5 $2 Kc5 40. Ka6 Rb6+ 41. Ka7 Rxb3
$1 42. axb3 Kd5+ 43. Rxd4+ exd4 $19) 39... Bc3 $2 (39... Rb4+ $1 40. Kxa5 (40.
Ka3 Bc5 41. Rc2 a4 42. Bxa4 Rb1+ $19) 40... Bc3 41. Ka6 Kc7 $1 42. Rc2 (42. Re3
Rb6+ 43. Ka7 Bd4 $19) 42... Rb6+ 43. Ka7 Rc6 44. a4 e4 45. a5 e3 46. a6 e2 47.
Rxe2 Bd4+ 48. Ka8 Rxa6#) 40. Rc2 Rc8 41. Re2 Kc5 42. Re4 Bd4 43. Re2 Kb6 44.
Rc2 Rd8 45. Re2 Ba1 46. Bc4 $1 Kc5 47. Ba6 Rd6 48. Rc2+ Kb6 49. Bc4 e4 50. Kb3
Bd4 51. Be2 Bc5 52. Rc4 Re6 53. Rc1 Re5 54. Rf1 Bd6 55. Rc1 h5 $2 (55... Rf5
56. Rf1 Rg5 57. g4 Rc5 58. Rf7 Be5 $17) 56. Rc8 $1 Rd5 57. a4 $1 Be5 58. Rc4
Bd4 59. Rc8 Bc5 60. Bb5 e3 61. Rc6+ Kb7 62. Kc4 e2 63. Re6 Rg5 64. Bc6+ Kc7 65.
Bf3 Bb4 66. Rxe2 Kd6 67. Re8 h4 {Ftacnik,L} 1/2-1/2

[Event "Sao Paulo m"]
[Site "Sao Paulo"]
[Date "1992.??.??"]
[Round "4"]
[White "Mecking, Henrique"]
[Black "Seirawan, Yasser"]
[Result "1/2-1/2"]
[WhiteElo "2610"]
[BlackElo "2600"]
[Annotator "Ftacnik,L"]
[PlyCount "89"]
[EventDate "1992.03.??"]
[EventType "match"]
[EventRounds "6"]
[EventCountry "BRA"]
[SourceTitle "CBM 030"]
[Source "ChessBase"]
[SourceDate "1992.10.01"]
[SourceVersion "1"]
[SourceVersionDate "1992.10.01"]
[SourceQuality "1"]

1. d4 d5 2. c4 dxc4 3. e4 e5 4. Nf3 Bb4+ 5. Bd2 Bxd2+ 6. Nbxd2 exd4 7. Bxc4 Nc6
8. O-O Nh6 $2 (8... Qf6 9. b4 $1 a6 10. e5 Qg6 11. Nb3 Bg4 12. Bd3 Qh6 13. h3
Bxf3 14. Qxf3 $14 {Shirov,A-Polgar,Zsu/Brno/1991/}) 9. Nb3 O-O (9... Bg4 10.
Bb5 $1 $16) 10. Nbxd4 $6 (10. Nfxd4 $1 Nxd4 11. Qxd4 Qxd4 12. Nxd4 Rd8 13. Rad1
Bd7 14. Rd2 Kf8 15. Rfd1 Ke7 16. h3 $1 $16) 10... Nxd4 11. Qxd4 (11. Nxd4 Qf6
$1) 11... Bg4 $1 12. Qc3 $1 (12. Qxd8 Raxd8 13. Ne5 Rd2 $1 $10) (12. Qe3 Qf6 $1
13. Rfd1 Bxf3 14. Qxf3 Qxf3 15. gxf3 Rfd8 $10) 12... Bxf3 13. Qxf3 Qd4 $1 14.
Qe2 Rfe8 15. Rfe1 Rad8 $2 (15... Re7 $1 16. Rad1 Qb6 17. Qc2 Rae8 18. Re2 Ng4
$1 19. h3 Ne5 20. Bb3 Ng6 $10) 16. Rad1 Qe5 17. Rxd8 $1 Rxd8 18. Bb3 Kf8 19. h3
c6 20. g3 $1 a5 $5 (20... Ng8 21. Qc4 Qe7 22. Re2 Nf6 23. Kg2 $16) 21. Qe3 (21.
Kg2 $1 $16) 21... Qxb2 22. Qb6 (22. Qc5+ Ke8 (22... Kg8 23. Qe7 Rf8 24. Qxb7
$16) 23. Qxa5 $140 Qd2 24. Qe5+ Kf8 25. Rd1 $18) 22... Rd7 23. Qxa5 Qd2 24.
Qa3+ $1 Qd6 25. Qa8+ Ke7 26. Qa5 $1 (26. Qh8 $2 Qg6) (26. e5 $2 Qb4 27. Re2 Rd8
28. Qa7 Nf5 $13) 26... Qc7 27. Qg5+ Kf8 28. e5 Qd8 29. Qf4 Rd4 30. Qe3 Rd3 (
30... Nf5 $2 31. Qf3 $1) 31. Qc5+ Qe7 32. Qc4 (32. Qc2 $2 Qb4 33. Kf1 Qc3 34.
Qb1 Rxg3 35. fxg3 Qf3+ $10) 32... Rd8 33. e6 $2 (33. g4 $1 $16) 33... Nf5 $1
34. Qc2 g6 35. Qc3 f6 $6 (35... Nd4 36. Re4 (36. exf7 Qxe1+ $1 37. Qxe1 Nf3+
$19) 36... c5 $17) 36. Re4 c5 37. Qa5 Qd6 $2 (37... Rd6 $1) 38. e7+ $1 Nxe7 39.
Re6 Qd4 40. Rxf6+ Qxf6 41. Qxd8+ Kg7 42. Qd7 b6 43. h4 h5 44. a4 Kh6 45. Qd2+ {
Ftacnik,L} 1/2-1/2

[Event "Elenite"]
[Site "Elenite"]
[Date "1994.??.??"]
[Round "5"]
[White "Gurevich, Mikhail"]
[Black "Greenfeld, Alon"]
[Result "1-0"]
[WhiteElo "2620"]
[BlackElo "2600"]
[Annotator "Ftacnik,L"]
[PlyCount "55"]
[EventDate "1994.??.??"]
[EventType "tourn"]
[EventRounds "9"]
[EventCountry "BUL"]
[EventCategory "15"]
[SourceTitle "CBM 044"]
[Source "ChessBase"]
[SourceDate "1995.02.01"]
[SourceVersion "1"]
[SourceVersionDate "1995.02.01"]
[SourceQuality "1"]

1. d4 d5 2. c4 dxc4 3. e4 Nf6 4. e5 Nd5 5. Bxc4 Nb6 6. Bd3 Nc6 7. Be3 Be6 8.
Nc3 Qd7 9. Nf3 O-O-O 10. O-O $5 (10. h3) 10... Nb4 (10... Bg4 $5 {Georgiev,
Kir-Greenfeld,A/Elenite/1994/}) 11. Be2 (11. Be4 $6 f5 12. exf6 exf6 $132)
11... f5 12. a3 N4d5 13. a4 $1 Nxc3 (13... Nxe3 14. fxe3 Nd5 (14... g6 15. e4
$36) 15. e4 $1 fxe4 (15... Ne3 16. Qc1 Nxf1 17. d5 $36) (15... Nxc3 16. bxc3
fxe4 17. Ng5 $16) 16. Nxe4 Ne3 17. Qc1 Nxf1 18. Nc5 Qc6 19. Qxf1 Bd5 20. e6 $36
) 14. bxc3 h6 15. a5 Nc4 (15... Nd5 16. Bd2 $16) 16. Bc1 $1 a6 17. Qc2 (17. Ne1
$6 Nxe5 $1 18. dxe5 Qxd1) 17... Bd5 18. Ra4 $1 Qc6 $8 (18... Qe6 19. Qb1 $1 (
19. Bd3 Ne3 $5 20. Bxe3 Bb3)) 19. Qxf5+ e6 20. Qc2 Be7 21. Ra1 $1 g5 22. Qa4
Qb5 $8 23. Nd2 $1 Nxd2 $2 $138 (23... Qxa4 24. Rxa4 Nxd2 25. Bxd2 c5 26. Be3
cxd4 27. cxd4 Kb8 28. Rb1 Ka8 29. Bc4 $16) 24. Bxb5 axb5 25. Qxb5 Bc4 26. Qa4
$1 Bb3 27. Bxd2 Bxa4 28. Rxa4 1-0

[Event "Candidates sf1"]
[Site "Linares"]
[Date "1992.??.??"]
[Round "9"]
[White "Karpov, Anatoly"]
[Black "Short, Nigel D"]
[Result "1/2-1/2"]
[WhiteElo "2725"]
[BlackElo "2685"]
[Annotator "Ftacnik,L"]
[PlyCount "126"]
[EventDate "1992.04.??"]
[EventType "match"]
[EventRounds "10"]
[EventCountry "ESP"]
[SourceTitle "Candidates"]
[Source "ChessBase"]
[SourceDate "1999.07.01"]
[SourceVersion "2"]
[SourceVersionDate "1999.07.01"]
[SourceQuality "1"]

1. d4 {Hansen,Cu} d5 2. c4 dxc4 3. e4 Nf6 4. e5 Nd5 5. Bxc4 Nb6 6. Bb3 Nc6 7.
Be3 Bf5 8. Nc3 e6 9. Nge2 Be7 (9... Na5 10. Ba4+ c6 11. Bc2 Bxc2 12. Qxc2 Nac4
13. O-O Nd5 14. Bc1 Be7 $14 {Kolev,A-Marjanovic,S/Vrnjacka Banja/1990/}) 10. a3
O-O 11. O-O Na5 12. Bc2 Bxc2 13. Qxc2 Nac4 14. Rad1 Nxe3 $6 (14... Nd5 $5 15.
Bc1 c6 $13) 15. fxe3 c6 16. Rf3 Nd5 17. Ne4 Bg5 18. Qd3 Qe7 19. Nf4 Bxf4 20.
exf4 g6 (20... f5 {Hansen,Cu} 21. exf6 Nxf6 22. Re1 $14 {/\Nc5/Ng5}) 21. Qe2
$14 Rae8 $1 22. Re1 Qd8 23. Qf2 Re7 24. Ng5 f5 (24... h6 $2 25. Ne4 $16) 25.
exf6 Rxf6 26. Re5 Nc7 27. Qe3 $6 (27. g3 $5 Nb5 28. Rd3) 27... Rf5 28. Rf2 h6
29. Ne4 Nd5 30. Qb3 Qf8 (30... Rxf4 $5 31. Rxf4 (31. Qg3 Rxf2 32. Qxg6+ $2 Rg7
33. Qxe6+ Rff7 $19) 31... Nxf4 32. Qe3 Qf8 (32... Qxd4 $4 33. Nf6+ Kf7 34. Qxd4
$18) 33. Nc5 $13) 31. g3 Kh7 32. Qa4 a6 33. Qc2 Qd8 34. Qd3 Nc7 35. Nc5 $6 b6
36. Na4 $2 (36. Nxa6 Nxa6 (36... Rxe5 {Hansen,Cu} 37. fxe5 Nxa6 38. Rf6 (38.
Qxa6 Qxd4 $15) 38... Rg7 39. Qxa6 Qxd4+ $15) 37. Qxa6 Qxd4 $15) 36... Nb5 $1
37. Qe4 Nxd4 38. Kg2 c5 39. Nc3 Ref7 $6 (39... Qd6 $17 {Hansen,Cu /\Qc6}) 40.
b4 Rxe5 (40... Qd6 $15 {Hansen,Cu}) 41. Qxe5 Qa8+ $6 (41... Qc7 {Hansen,Cu >=})
42. Kh3 Qh8 $1 43. Qxh8+ Kxh8 44. bxc5 bxc5 45. Rb2 (45. Ne4 {Hansen,Cu} e5 $10
) 45... Kg7 46. Rb6 e5 $1 47. fxe5 Re7 48. Nd5 Rxe5 49. Rb7+ Kf8 50. Nf4 Ke8
51. Nxg6 Re3 52. a4 Ne6 (52... c4 $5 {Hansen,Cu /\c3-c2}) 53. Kg4 c4 54. Nf4
Nxf4 55. Kxf4 Re2 56. Rc7 Rxh2 57. Rxc4 Kd7 58. Rc5 h5 59. Ra5 h4 60. g4 Ra2
61. Rxa6 h3 62. Kg5 h2 63. Ra7+ Ke6 {Ftacnik,L} 1/2-1/2

[Event "Barcelona"]
[Site "Barcelona"]
[Date "1992.05.??"]
[Round "7"]
[White "Gurevich, Mikhail"]
[Black "Romanishin, Oleg M"]
[Result "1-0"]
[WhiteElo "2635"]
[BlackElo "2595"]
[Annotator "Ftacnik,L"]
[PlyCount "81"]
[EventDate "1992.05.??"]
[EventType "tourn"]
[EventRounds "11"]
[EventCountry "ESP"]
[EventCategory "13"]
[SourceTitle "CBM 030"]
[Source "ChessBase"]
[SourceDate "1992.10.01"]
[SourceVersion "1"]
[SourceVersionDate "1992.10.01"]
[SourceQuality "1"]

1. d4 d5 2. c4 dxc4 3. e4 e5 4. Nf3 Bb4+ 5. Bd2 Bxd2+ 6. Nbxd2 exd4 7. Bxc4 Nc6
8. O-O Qf6 9. b4 Nge7 (9... a6 10. e5 Qg6 11. Nb3 Bg4 12. Bd3 $1 $14 {Shirov,
A-Polgar,Zsu/Brno/1991/}) 10. b5 Nd8 (10... Ne5 11. Nxe5 Qxe5 12. f4 Qd6 13.
Nb3 $14 {Shirov,A; Epishin,V}) 11. e5 Qg6 12. Nxd4 Ne6 (12... O-O 13. f4 Nf5
14. Bd3 $16) 13. Nxe6 Bxe6 14. Rc1 Rd8 (14... Bxc4 15. Rxc4 Qb6 16. Qc2 Rc8 17.
a4 $14) 15. Bxe6 Qxe6 (15... fxe6 16. Rxc7 Qd3 17. Qh5+ g6 18. Qg5 Nd5 19. Rxb7
h6 20. Qg4 $18) 16. Qc2 (16. Rxc7 Qd5 17. Rc2 Qxb5 $10) 16... O-O (16... Qd5
17. Ne4 Qxb5 18. Qxc7 $16) 17. Nf3 c6 18. Ng5 Qh6 (18... Qg6 19. Qxg6 hxg6 20.
e6 $1 $16) 19. f4 cxb5 20. Qe4 Qb6+ (20... Nc6 21. e6 $1 $16) 21. Kh1 Qg6 22.
Qxg6 hxg6 23. e6 $1 f6 24. Nf7 Rc8 (24... Rd2 25. Rc7 Nd5 26. Rd7 Re8 $2 27.
Nd6 Rxe6 28. Rd8+ Kh7 29. Nf7 g5 30. f5 $18) 25. Rcd1 Rc6 26. Rfe1 Re8 (26...
Rxe6 27. Nh6+ gxh6 28. Rxe6 Kf7 29. Rdd6 Ng8 30. Re1 $16) 27. g4 f5 (27... Nc8
28. f5 gxf5 29. gxf5 Rc5 30. Rf1 $16) 28. Rd7 fxg4 (28... Nc8 29. Nd8 Rc2 30.
Nxb7 $16) 29. Nd6 Rf8 30. Nxb5 $1 Nf5 (30... Re8 31. Nc7 Rc8 32. Rxe7 R6xc7 33.
Rxc7 Rxc7 34. e7 $18) 31. e7 Re8 32. Nc7 Rxe7 (32... Rxc7 33. Rxc7 Kf7 34. Rxb7
Rxe7 35. Rexe7+ Nxe7 36. Rxa7 $18) 33. Rdxe7 Nxe7 34. Rxe7 Rc2 35. Ne6 Rxa2 36.
Rxb7 a5 37. Rxg7+ Kh8 38. Rxg6 a4 39. Ng5 a3 40. Ra6 Rf2 41. Ra8+ (41. Ra8+ Kg7
42. Rxa3 Rxf4 43. Ne6+ $18 {Ftacnik,L}) 1-0

[Event "Las Palmas3"]
[Site "Las Palmas"]
[Date "1993.??.??"]
[Round "9"]
[White "Van Wely, Loek"]
[Black "Magem Badals, Jordi"]
[Result "0-1"]
[WhiteElo "2585"]
[BlackElo "2505"]
[Annotator "Ftacnik,L"]
[PlyCount "38"]
[EventDate "1993.12.??"]
[EventType "tourn"]
[EventRounds "9"]
[EventCountry "ESP"]
[EventCategory "13"]
[SourceTitle "CBM 040"]
[Source "ChessBase"]
[SourceDate "1994.06.01"]
[SourceVersion "1"]
[SourceVersionDate "1994.06.01"]
[SourceQuality "1"]

1. d4 d5 2. c4 dxc4 3. e4 Nc6 4. Nf3 Bg4 5. Be3 e6 6. Bxc4 Bxf3 7. gxf3 Qf6 8.
Bb5 $6 (8. d5 exd5 9. exd5 O-O-O 10. Nd2 Ne5 11. Bb3 Bb4 12. f4 Bxd2+ 13. Kxd2
Ng6 14. Qg4+ Kb8 15. Kc2 N8e7 16. Rad1 Rhe8 17. Kb1 Qf5+ 18. Qxf5 Nxf5 19. Bc1
Ngh4 20. Rd3 Re2 21. Rf1 Rde8 22. Bd1 Re1 23. Rxe1 Rxe1 24. Kc2 Rh1 25. Rh3 $15
{Kouatly,B-Piket,J/Cannes 60'Team (6)/1992/0-1 (45)}) (8. e5 Qh4 9. Bb5 Bb4+
10. Nc3 Nge7 11. Qa4 O-O 12. O-O-O Bxc3 13. bxc3 Nd5 14. Qc2 f6 15. Rdg1 Nxe3
16. fxe3 fxe5 17. Rg4 Qh6 18. Qe4 exd4 19. Rhg1 Rf5 20. Rxg7+ Kh8 21. Bxc6 bxc6
22. cxd4 Rb8 23. h4 Qf6 24. Rxc7 Qf8 25. Rgg7 $40 {Alburt,L-Speelman,J/London 
(m/6)/1986/1-0 (36)}) (8. Nc3 O-O-O 9. d5 (9. Qe2 Nxd4 10. Bxd4 Qxd4 11. Rd1
Qe5 12. Rxd8+ Kxd8 13. Qd2+ Bd6 14. Nb5 Nf6 15. Nxd6 cxd6 16. Rg1 h6 17. Qc3
Qxc3+ 18. bxc3 g6 19. Kd2 Ke7 20. Rb1 b6 21. Bb5 Rc8 22. a4 Rc5 23. a5 bxa5 24.
Ba4 Rc7 25. Rb8 $17 {Meulders,R-Lin Ta/Novi Sad olm/1990/0-1 (56)}) 9... Bb4
10. Qb3 $1 (10. O-O Bxc3 11. bxc3 Nge7 12. Rb1 exd5 13. Be2 dxe4 14. Qb3 b6 15.
f4 Nd5 16. Rfd1 Nxc3 17. Ba6+ Kb8 18. Rxd8+ Rxd8 19. Rc1 Nd5 {0-1/Gomez
Esteban,JM-Magem Badals,J/San Sebastian op/1993/}) 10... exd5 11. Bxd5 $2 Qxf3
12. Rg1 Nge7 $17 13. Rd1 $8 Bxc3+ 14. Qxc3 $2 Nxd5 15. exd5 Rxd5 16. Rxd5 Qxd5
17. Rxg7 Rd8 $19 {Gurevich,D-Wolff,P/Philadelphia op/1992/ 0-1 (29)}) 8... Nge7
(8... Bb4+ 9. Nc3 Nge7 10. f4 O-O-O 11. Qa4 Nxd4 12. O-O-O Bxc3 13. Qxa7 Nec6
14. Bxc6 Nxc6 15. Qa8+ Nb8 16. bxc3 Qxc3+ 17. Kb1 Qb4+ 18. Ka1 {0,5/Lorscheid,
G-Hegeler,F/Krumbach op (02)/1991/}) 9. Nd2 (9. d5 exd5 10. exd5 O-O-O 11. Nc3
Nb4 $36) 9... O-O-O 10. Nb3 (10. e5 Qh4 11. Nb3 Nxe5 $17) 10... Nxd4 $1 11.
Nxd4 (11. Bxd4 e5 12. Qd3 exd4 13. Rd1 Ng6 $17) 11... e5 12. Qa4 exd4 13. O-O-O
(13. Qxa7 Nc6 14. Bxc6 (14. Qa8+ Nb8 15. Bd2 Qxf3 $19) 14... Qxc6 15. Bg5 Bb4+
16. Kd1 f6 17. Bf4 Qb5 $17) 13... a6 $1 (13... dxe3 $2 14. Rxd8+ Kxd8 15. Rd1+
Kc8 16. Qxa7 $18) 14. Kb1 (14. Bxd4 Qg5+ 15. Be3 Rxd1+ 16. Rxd1 Qxb5 $19) 14...
dxe3 15. Rxd8+ Kxd8 16. Rd1+ Kc8 17. Bxa6 bxa6 (17... Qxa6 $4 18. Qe8#) 18.
Qd7+ Kb7 19. Rd3 Nc8 $1 0-1